| 000 | 01054nam a2200265Ia 4500 | ||
|---|---|---|---|
| 003 | OSt | ||
| 005 | 20221005104036.0 | ||
| 006 | a|||||r|||| 00| 0 | ||
| 007 | ta | ||
| 008 | 221004b |||||||| |||| 00| 0 hin d | ||
| 024 | _a30184 | ||
| 037 | _cTextual | ||
| 040 |
_aCRL _cCRL _bhin |
||
| 041 |
_2hin _ahin |
||
| 082 | _aR625x1,1,1, 152M8 | ||
| 100 | _aगोतम, मन्महर्षि | ||
| 245 | 0 | _aन्यायदर्शनम् वात्स्यायनभाष्यसहितम् | |
| 246 | _aNyāyadarshanam vātsyāyanabhāṣhyasahitam | ||
| 260 |
_aदिल्ली _bचौखम्बा संस्कृत प्रतिष्ठान भारत _c1988 |
||
| 300 |
_a320पृ. _ccm. |
||
| 490 | _aव्रजजीवन प्राच्यभारती ग्रंथमाला; 34 | ||
| 650 | _aसंस्कृत साहित्य | ||
| 942 |
_hR625x1,1,1, 152M8 _cTEXL _2cc |
||
| 999 |
_c1011568 _d1011568 |
||